000 01227cam a22003374a 4500
001 13862116
003 PILC
005 20160109084926.0
008 050204s2003 maua 001 0 eng
010 _a 2004559159
020 _a981243156X
040 _aDLC
_cDLC
_dDLC
042 _apcc
050 0 0 _aQA 76
_b.P267 2000
082 0 0 _aCS 004
_bP25 2000
100 1 _aParsons, June Jamrich.
245 1 0 _aNew perspectives on computer concepts :
_cby June Jamrich Parsons and Dan Oja.
_bincludes interactive book-on-cd that contains the entire contents of the textbook, plus videos,software tours, course labs,computer-scored etc.
250 _a4th ed.
260 _aAustralia :
_bThompson Learning,
_c2000.
300 _a414p. :
_bcol. ill. ;
_c28 cm.
500 _aIncludes index.
520 _a1. Computers. 2. Electronic Data Processing.
562 _efor circulation. 1 copy available in the collection
650 0 _aComputers.
650 0 _aElectronic data processing.
700 1 _aOja, Dan.
906 _a7
_bcbc
_corigcop
_d2
_encip
_f20
_gy-gencatlg
942 _2lcc
_cBK
999 _c1137
_d1137